Doing time in the garden : (Record no. 369)

MARC details
000 -LEADER
fixed length control field 01661cam a22003494a 4500
005 - DATE AND TIME OF LATEST TRANSACTION
control field 20260322212017.0
008 - FIXED-LENGTH DATA ELEMENTS--GENERAL INFORMATION
fixed length control field data
010 ## - LIBRARY OF CONGRESS CONTROL NUMBER
LC control number 2006009093
020 ## - INTERNATIONAL STANDARD BOOK NUMBER
International Standard Book Number 9780976605423 (alk. paper)
020 ## - INTERNATIONAL STANDARD BOOK NUMBER
International Standard Book Number 0976605422 (alk. paper)
040 ## - CATALOGING SOURCE
Original cataloging agency DLC
Transcribing agency DLC
Modifying agency DLC
042 ## - AUTHENTICATION CODE
Authentication code pcc
043 ## - GEOGRAPHIC AREA CODE
Geographic area code n-us-ny
050 00 - LIBRARY OF CONGRESS CALL NUMBER
Classification number HV9306.N6
Item number J55 2006
082 00 - DEWEY DECIMAL CLASSIFICATION NUMBER
Classification number 365/.66
Edition information 22
096 ## - LOCALLY ASSIGNED NLM-TYPE CALL NUMBER (OCLC)
Classification number WM 450 J55 2006
001 - CONTROL NUMBER
control field data
100 1# - MAIN ENTRY--PERSONAL NAME
Personal name Jiler, James,
Dates associated with a name 1959-
245 10 - TITLE STATEMENT
Title Doing time in the garden :
Remainder of title life lessons through prison horticulture /
Statement of responsibility, etc. James Jiler.
260 ## - PUBLICATION, DISTRIBUTION, ETC.
Place of publication, distribution, etc. Oakland, Calif. :
Name of publisher, distributor, etc. New Village Press,
Date of publication, distribution, etc. c2006.
300 ## - PHYSICAL DESCRIPTION
Extent 176 p. :
Other physical details ill. (chiefly col.) ;
Dimensions 24 cm.
500 ## - GENERAL NOTE
General note Includes index.
505 0# - FORMATTED CONTENTS NOTE
Formatted contents note Foreword / by Anthony R. Smith -- Foreword / by Michael Jacobson -- Preface -- The longest bridge -- Horticulture as therapy -- Jail and community -- Starting and expanding a horticultural program -- Design : transforming the prison landscape -- The science of gardening -- Building curriculum -- Aftercare : breaking the cycle -- The greenteam : growing roots in the community.
610 20 - SUBJECT ADDED ENTRY--CORPORATE NAME
Corporate name or jurisdiction name as entry element Horticultural Society of New York.
650 #0 - SUBJECT ADDED ENTRY--TOPICAL TERM
Topical term or geographic name entry element Criminals
General subdivision Rehabilitation
Geographic subdivision New York
-- New York
Form subdivision Case studies.
650 #0 - SUBJECT ADDED ENTRY--TOPICAL TERM
Topical term or geographic name entry element Criminals
General subdivision Rehabilitation
Geographic subdivision Rikers Island.
-- Rikers Island.
650 #0 - SUBJECT ADDED ENTRY--TOPICAL TERM
Topical term or geographic name entry element Gardening
General subdivision Therapeutic use
Geographic subdivision Rikers Island.
-- Rikers Island.
650 #0 - SUBJECT ADDED ENTRY--TOPICAL TERM
Topical term or geographic name entry element Horticulture
General subdivision Study and teaching
Geographic subdivision Rikers Island.
-- Rikers Island.
650 #0 - SUBJECT ADDED ENTRY--TOPICAL TERM
Topical term or geographic name entry element Prisoners
General subdivision Education
Geographic subdivision Rikers Island.
-- Rikers Island.
650 #0 - SUBJECT ADDED ENTRY--TOPICAL TERM
Topical term or geographic name entry element Recidivism
Geographic subdivision New York
-- New York
General subdivision Prevention.
856 41 - ELECTRONIC LOCATION AND ACCESS
Materials specified Table of contents only
Uniform Resource Identifier <a href="http://www.loc.gov/catdir/toc/ecip0610/2006009093.html">http://www.loc.gov/catdir/toc/ecip0610/2006009093.html</a>
Holdings
Withdrawn status Lost status Damaged status Not for loan Home library Current library Shelving location Date acquired Total checkouts Full call number Barcode Date last seen Price effective from Koha item type
        Midway Midway General stacks 22/03/2026   365/.66 22 BC0010379 22/03/2026 22/03/2026 Books